1455 1460 1780 1468 1556 1150 1417 1467 1408 1622 1367 1004 1461 1137 1819 1004 1503 1083 1231 1365 1451 1191 1916 1735 1845 1796 1278 1134 1940 1341 1067 1031 1811 1854 1666 1829 1735 1985 1678 1975 1075 1734 1570 1092 1140 1267 1779 1778 1413 1632 1852 1195 1480 1237 1899 1681 1982 1327 1283 1059 1852 1632 1625 1221 1042 1117 1313 1480 1493 1953 1929 1364 1047 1460 1110 1755 1847 1594 1797 1509 1667 1733 1939 1774 1930 1823 1359 1767 1879 1738 1747 1952 1880 1064 1359 1515 1199 1006 1460 BCNSPRNW ULIB Ver.6.0+V

เปลี่ยนเป็นภาษาไทย

Change to English
 แสดงรายละเอียดบรรณานุกรม
  กลับหน้าหลัก

Brief Record : Get Marc (ISO 2709) : E-mail record : QR code < ปิดหน้าต่าง
LEADER : 00000nam 2200000uu 4500
001    13399115043
003     ULIB
008    120705s2548||||th 000 0 tha d
060  4 วจ.WY18^bอ653ค
100 0  อารี สุวรรณโชติ
245 00 ความคิดเห็นและความต้องการการศึกษาต่อเนื่องทางการพยาบาลของพยาบาล โรงพยาบาลสมเด็จพระบรมราชเทวี ศรีราชา จังหวัดชลบุรี
260    ชลบุรี:^bวิทยานิพนธ์ สาขาวิชาการบริหารการพยาบาล ม.บูรพา,^c 2548
945    ^p0^l0^i018231
990    เกษร
999 ^a ศิริพร
รายการนี้ยังไม่มีแท็ก
คุณยังไม่ได้ล็อกอิน คุณสามารถมีกิจกรรมร่วมกับเว็บไซต์ได้ แต่ต้องล็อกอินก่อน ::
  ล็อกอิน

รายการสื่อสารสนเทศ

ลำดับที่ ประเภท เลขเรียก/บาร์โค้ด สถานที่ สถานะ
1. วิทยานิพนธ์
วิทยานิพนธ์
วจ.WY18 อ653ค  
  Barcode: 018231
ห้องสมุดวิทยาเขตสวรรค์ประชารักษ์
►วิจัย
บนชั้น

BibComment


ยังไม่เคยถูกคอมเมนท์

คอมเมนท์ทรัพยากรรายการนี้
  คอมเมนท์: ความคิดเห็นและควา..


 Copyright 2026. Bcnsprnw @Library